Score 0/61 Timer 10:00
0 Plays Today
Book House % Correct
Pride and PrejudiceBennet
94.6%
Pride and PrejudiceDarcy
94.5%
Pride and PrejudiceBingley
82.8%
EmmaWoodhouse
73.1%
Pride and PrejudiceCollins
72.9%
Sense and SensibilityDashwood
72.3%
Pride and PrejudiceWickham
70.8%
Pride and PrejudiceLucas
67.7%
EmmaKnightley
67.4%
Sense and SensibilitySmith
63.4%
EmmaSmith
63.4%
PersuasionSmith
63.4%
Mansfield ParkPrice
63.3%
PersuasionElliot
61.6%
Sense and SensibilityFerrars
61.6%
Sense and SensibilityBrandon
60.5%
Sense and SensibilityWilloughby
59.6%
Pride and Prejudicede Bourgh
59.4%
PersuasionWentworth
55.1%
EmmaChurchill
54.7%
Northanger AbbeyTilney
53.2%
Mansfield ParkBertram
52.5%
Northanger AbbeyMorland
51.3%
Pride and PrejudiceGardiner
50.6%
EmmaElton
49.8%
EmmaFairfax
49.5%
Mansfield ParkCrawford
49.1%
Sense and SensibilitySteele
47.6%
Pride and PrejudiceFitzwilliam
44.4%
Northanger AbbeyThorpe
44%
PersuasionMusgrove
43.6%
Book House % Correct
EmmaBates
42.4%
EmmaWeston
38.4%
EmmaMartin
38%
Pride and PrejudicePhilips
37%
Sense and SensibilityJennings
36.3%
Mansfield ParkNorris
35.9%
Sense and SensibilityMiddleton
35.7%
Mansfield ParkRushworth
34.1%
PersuasionBenwick
34.1%
Northanger AbbeyAllen
33.5%
PersuasionCroft
32.6%
Mansfield ParkYates
31.9%
Sense and SensibilityPalmer
31.4%
PersuasionRussell
30.1%
PersuasionHayter
28%
Sense and SensibilityGrey
26.1%
PersuasionClay
26%
PersuasionHarville
24.8%
Mansfield ParkGrant
23.7%
EmmaCole
22.3%
PersuasionDalrymple
21.5%
Sense and SensibilityWilliams
21%
EmmaDixon
19.1%
EmmaGoddard
18.3%
EmmaPerry
17.4%
EmmaCampbell
17.2%
Sense and SensibilityMorton
16%
Sense and SensibilityPratt
16%
PersuasionCarteret
14.8%
Mansfield ParkStornoway
13.7%

You're not logged in!

Compare scores with friends on all Sporcle quizzes.
OR
Log In

Sporcle TV

Today on Sporcle TV


Watch our educational content, quiz creation guides, and fun videos on Sporcle TV.

Show Comments

Extras

Top Quizzes Today


Score Distribution

Your Account Isn't Verified!

In order to create a playlist on Sporcle, you need to verify the email address you used during registration. Go to your Sporcle Settings to finish the process.

Report this User

Report this user for behavior that violates our Community Guidelines.

Details: